Islamic economics / (Record no. 347420)

000 -LEADER
fixed length control field 00576 a2200169 4500
020 ## - INTERNATIONAL STANDARD BOOK NUMBER
International Standard Book Number 086037128X (paperback)
020 ## - INTERNATIONAL STANDARD BOOK NUMBER
International Standard Book Number 9780860371281 (paperback)
090 ## - LOCALLY ASSIGNED LC-TYPE CALL NUMBER (OCLC); LOCAL CALL NUMBER (RLIN)
-- 4994
-- 4994
245 10 - TITLE STATEMENT
Title Islamic economics /
Statement of responsibility, etc. Muhammad Akram Khan.
260 ## - PUBLICATION, DISTRIBUTION, ETC.
Place of publication, distribution, etc. [S.l.] :
Name of publisher, distributor, etc. Islamic Foundation,
Date of publication, distribution, etc. 1983.
300 ## - PHYSICAL DESCRIPTION
Extent 224 p. ;
Dimensions 21 cm.
490 1# - SERIES STATEMENT
Series statement Islamic economic series) (V. 1.
700 1# - ADDED ENTRY--PERSONAL NAME
Personal name Khan, Muhammad Akram.
830 #0 - SERIES ADDED ENTRY--UNIFORM TITLE
Uniform title Islamic economic series) (V. 1.
856 40 - ELECTRONIC LOCATION AND ACCESS
Materials specified Amazon.com
Uniform Resource Identifier <a href="http://www.amazon.com/exec/obidos/ASIN/086037128X/chopaconline-20">http://www.amazon.com/exec/obidos/ASIN/086037128X/chopaconline-20</a>
942 ## - ADDED ENTRY ELEMENTS (KOHA)
Institution code [OBSOLETE] NBS
Koha item type Book
Call number prefix 297.19785 KHA
Holdings
Withdrawn status Lost status Source of classification or shelving scheme Damaged status Not for loan Permanent Location Current Location Shelving location Date acquired Total Checkouts Full call number Barcode Date last seen Date last checked out Price effective from Koha item type
          NUST Law School (NLS) NUST Law School (NLS) First Floor - Islam 08/28/2013 2 297.273 KHA NBS7081 03/17/2016 11/25/2013 08/28/2013 Book
© 2023 Central Library, National University of Sciences and Technology. All Rights Reserved.